Quiz Futsal - Statistiques

Statistiques générales
  • Ce quiz a été pris 36 fois
  • Le résultat moyen est 11 sur 20
Statistiques - réponses
Questions Réponses % Correct
Quel joueur Portugais a été élu 6 fois meilleur joueur du monde ? RICARDINHO
96%
Quel pays a remporté cinq des neuf éditions de la Coupe du Monde ? BRESIL
83%
Quelle est la durée d'une mi-temps (en minutes) ? 20
74%
Au Futsal, de combien de secondes dispose un joueur pour remettre en jeu le ballon (règles FIFA) ? 4
70%
Avec quel autre sport, le terrain de futsal est-il le plus comparable en terme de dimensions ? HANDBALL
70%
Si le ballon touche le plafond alors qu'il est en jeu, comment reprend le jeu ? TOUCHE
70%
Dans quel pays se trouve les clubs ayant gagné la moitié des Ligue des Champions ? ESPAGNE
65%
Comment s'appelle le joueur placé le plus haut de son équipe ? PIVOT
65%
Quel pays est le double tenant du titre du Championnat d'Europe UEFA ? PORTUGAL
65%
Quel joueur a été en équipe de France de Futsal (2008-2010) puis de Football (depuis 2018) ? BEN YEDDER
61%
Comment s'appelle le diffuseur officiel de la D1 de Futsal ? FUTSAL ZONE
52%
Quel est le premier club Français à avoir disputé le Final Four en Ligue des Champions en 2022 (en 4 lettres) ? ACCS
48%
Quel joueur est surnommé le "Mbappé du Futsal" ? NELSON LUTIN
48%
Dans quel pays la France disputera sa première Coupe du Monde en 2024 ? OUZBEKISTAN
48%
Qui est le meilleur buteur de l'histoire en Équipe de France ? ABDESSAMAD MOHAMMED
43%
Quel club a remporté la Coupe de France et a été sacré champion de France de D1 en 2023 (doublé) ? ETOILE LAVALLOISE
43%
A partir de la 6ème faute cumulée en une mi-temps, de quoi bénéficie l'équipe adverse ? JET FRANC
39%
Quel est le nom du sélectionneur de l’Équipe de France qui a conduit les Bleus à la qualification en Coupe du Monde 2024 ? RAPHAEL REYNAUD
35%
Quel pays a perdu 6 fois en Finale du Championnat d'Europe UEFA ? RUSSIE
30%
Quel joueur Danois a marqué aussi bien en Coupe du Monde de Foot et Coupe du Monde de Futsal ? BRIAN LAUDRUP
9%
Aucun quiz correspondant
Distribution des résultats
% des personnes avec chaque résultat
Percentile par nombre de réponses
Votre historique - résultats
Vous n’avez pas pris ce quiz